F1 Season: 2017 Race Winners - Statistics

General Stats
  • This quiz has been taken 1,696 times
    1,664 since last reset
  • The average score is 20 of 20
Answer Stats
Grand Prix Driver % Correct
China Lewis Hamilton
100%
Spain Lewis Hamilton
100%
Canada Lewis Hamilton
100%
Great Britain Lewis Hamilton
100%
Belgium Lewis Hamilton
100%
Italy Lewis Hamilton
100%
Singapore Lewis Hamilton
100%
Japan Lewis Hamilton
100%
USA Lewis Hamilton
100%
Australia Sebastian Vettel
99%
Bahrain Sebastian Vettel
99%
Monaco Sebastian Vettel
99%
Hungary Sebastian Vettel
99%
Brazil Sebastian Vettel
99%
Malaysia Max Verstappen
98%
Mexico Max Verstappen
98%
Russia Valtteri Bottas
97%
Austria Valtteri Bottas
97%
Abu Dhabi Valtteri Bottas
97%
Azerbaijan Daniel Ricciardo
93%
No matching quizzes found
Score Distribution
Percent of People with Each Score
Percentile by Number Answered
Your Score History
You have not taken this quiz since the last reset